[Event "East Kilbride Weekly op 4th"]
[Site "East Kilbride"]
[Date "2011.05.26"]
[Round "4"]
[White "Howie, Derek"]
[Black "Johnston, Jim1111"]
[Result "0-1"]
[WhiteElo "1007"]
[BlackElo "1416"]
[PlyCount "84"]
[EventDate "2011.05.??"]
[EventType "swiss"]
[EventRounds "5"]
[EventCountry "SCO"]
[SourceTitle "EXT 2023"]
[Source "ChessBase"]
[SourceDate "2022.10.05"]
[SourceVersion "1"]
[SourceVersionDate "2022.10.05"]
[SourceQuality "1"]

1. d4 d5 2. c4 e6 3. Nc3 c6 4. Nf3 Nf6 5. Bg5 Nbd7 6. e3 Qa5 7. a3 Ne4 8. Qc2 Bb4 9. Rc1 Bxc3+ 10. bxc3 Nxg5 11. Nxg5 dxc4 12. Ne4 Qxa3 13. Bxc4 0-0 14. 0-0 Qe7 15. Bd3 f5 16. Nd2 b6 17. e4 fxe4 18. Bxe4 g6 19. Bxc6 Rb8 20. Rfe1 Qd6 21. Bf3 Nf6 22. Ne4 Nxe4 23. Qxe4 Re8 24. Qe5 Qxe5 25. Rxe5 Bb7 26. Bg4 Kf7 27. Rce1 Bd5 28. Rc1 b5 29. Ra1 Ra8 30. Be2 a6 31. Bd3 Rec8 32. Rc1 Rc6 33. Be4 Bxe4 34. Rxe4 Rac8 35. Re3 b4 36. g3 Rxc3 37. Rb1 Rc1+ 38. Rxc1 Rxc1+ 39. Kg2 a5 40. Kf3 a4 41. Ke2 b3 42. Rd3 b2 0-1